| 000 | 00584nam a2200193Ia 4500 | ||
|---|---|---|---|
| 003 | GCL | ||
| 008 | 140319s9999 xx 000 0 ara d | ||
| 040 |
_aGCL / _cGCL |
||
| 082 | 0 | 4 |
_a923.6 _bا ر |
| 100 | 1 | _aاحمد احمد بدوى | |
| 245 | 1 | 0 |
_aرفاعة رافع الطهطاوى / _cاحمد احمد بدوى |
| 300 | _a366 ص | ||
| 490 |
_aالهيئة العامة للاستعلامات _v0 |
||
| 650 | 0 | 4 | _aالتراجم |
| 650 | 0 | 4 | _aرفاعة الطهطاوى |
| 650 | 0 | 4 | _aالرجال - تراجم |
| 650 | 0 | 4 | _aالتعليم - تاريخ |
| 942 |
_2ddc _cBK |
||
| 999 |
_c49795 _d49795 |
||